Advanced Engineering Mathematics (Record no. 198)
[ view plain ]
| 000 -LEADER | |
|---|---|
| fixed length control field | 00295 a2200109 4500 |
| 082 ## - DEWEY DECIMAL CLASSIFICATION NUMBER | |
| Classification number | 515 KRE |
| 100 ## - MAIN ENTRY--PERSONAL NAME | |
| Personal name | Kreyszig, Erwin |
| 245 ## - TITLE STATEMENT | |
| Title | Advanced Engineering Mathematics |
| Statement of responsibility, etc. | Erwin Kreyszig |
| 250 ## - EDITION STATEMENT | |
| Edition statement | 9th. ed. |
| 260 ## - PUBLICATION, DISTRIBUTION, ETC. | |
| Place of publication, distribution, etc. | Islamabad |
| Name of publisher, distributor, etc. | National Book Foundation |
| 300 ## - PHYSICAL DESCRIPTION | |
| Extent | xvii, 1094+ p, : |
| Other physical details | ill, ; |
| Dimensions | 27 cm. |
| 650 ## - SUBJECT ADDED ENTRY--TOPICAL TERM | |
| Topical term or geographic name entry element | maths |
| Withdrawn status | Lost status | Damaged status | Not for loan | Permanent Location | Current Location | Shelving location | Date acquired | Total Checkouts | Total Renewals | Full call number | Barcode | Date last seen | Date last checked out | Price effective from | Koha item type | Source of classification or shelving scheme |
|---|---|---|---|---|---|---|---|---|---|---|---|---|---|---|---|---|
| School of Civil and Environmental Engineering (SCEE) | School of Civil and Environmental Engineering (SCEE) | 2 | 3 | 515 KRE | NIT-5866 | 07/26/2022 | 03/31/2022 | 01/05/2017 | Book | |||||||
| School of Civil and Environmental Engineering (SCEE) | School of Civil and Environmental Engineering (SCEE) | 10/10/2019 | 3 | 1 | 515 KRE | NIT-9306 | 09/19/2023 | 02/13/2023 | 10/10/2019 | |||||||
| School of Civil and Environmental Engineering (SCEE) | School of Civil and Environmental Engineering (SCEE) | 04/19/2022 | 1 | 515 KRE | NIT-2555 | 07/22/2022 | 04/19/2022 | 04/19/2022 |
